Manchester Derby XIs 2017-2022 - Statistics

General Stats
  • This quiz has been taken 720 times
  • The average score is 38 of 58
Answer Stats
Answer % Correct
David de Gea
98%
Ederson Moraes
98%
Kevin De Bruyne
93%
Harry Maguire
92%
Kyle Walker
92%
Sergio Agüero
92%
Bernardo Silva
91%
John Stones
91%
Marcus Rashford
91%
David Silva
89%
Luke Shaw
87%
Rúben Dias
86%
Raheem Sterling
85%
Anthony Martial
82%
Bruno Fernandes
82%
Phil Foden
82%
Gabriel Jesus
80%
Paul Pogba
80%
Rodri
80%
İlkay Gündoğan
79%
Victor Lindelöf
79%
Aaron Wan-Bissaka
78%
Fernandinho
78%
Vincent Kompany
78%
João Cancelo
77%
Cristiano Ronaldo
75%
Scott McTominay
72%
Aymeric Laporte
71%
Fred
69%
Jack Grealish
67%
Riyad Mahrez
67%
Chris Smalling
66%
Nicolás Otamendi
65%
Romelu Lukaku
64%
Leroy Sané
63%
Jadon Sancho
61%
Antonio Valencia
60%
Eric Bailly
59%
Oleksandr Zinchenko
59%
Nemanja Matić
58%
Ashley Young
54%
Benjamin Mendy
53%
Jesse Lingard
53%
Mason Greenwood
50%
Ander Herrera
49%
Fabian Delph
46%
Dean Henderson
43%
Marcos Rojo
41%
Marouane Fellaini
39%
Alexis Sánchez
37%
Alex Telles
34%
Daniel James
34%
Matteo Darmian
34%
Danilo
31%
Anthony Elanga
26%
Andreas Pereira
23%
Brandon Williams
22%
Angeliño
13%
No matching quizzes found
Score Distribution
Percent of People with Each Score
Percentile by Number Answered
Your Score History
You have not taken this quiz